[Event "SK Johanneum Eppendorf - Schachfreunde "]
[Site "Landesliga Hamburg 2019/20"]
[Date "2019.09.29"]
[Round "1.1"]
[White "Andersen, Jens Knud"]
[Black "von Gleich, Alexander"]
[Result "0-1"]
[WhiteElo "2142"]
[BlackElo "2327"]
[PlyCount "90"]
[EventDate "2019.??.??"]

1. d4 Nf6 2. Bf4 g6 3. Nc3 d5 4. e3 Bg7 5. h4 h5 6. Nf3 Bg4 7. Qd2 c5 8. Ne5
Nc6 9. Bb5 Qb6 10. Bxc6+ bxc6 11. Na4 Qb5 12. Nxc5 Qxb2 13. O-O Bf5 14. Rfc1
Ne4 15. Nxe4 Bxe4 16. f3 Bf5 17. Nxc6 Qb5 18. Ne5 Rc8 19. Rab1 Qa6 20. Qb4 O-O
21. Qb5 Qxb5 22. Rxb5 f6 23. Nxg6 Bxg6 24. Rxd5 Rxc2 25. Rxc2 Bxc2 26. Rxh5 e5
27. dxe5 Bg6 28. exf6 Bxh5 29. fxg7 Kxg7 30. Be5+ Kh7 31. Bd4 a6 32. a3 Rb8 33.
Kf2 Rb3 34. g4 Be8 35. Bc5 Rb5 36. Bb4 a5 37. Bd6 Rd5 38. Bc7 a4 39. Bb6 Rd2+
40. Kg3 Rd3 41. Bc5 Rc3 42. Bf8 Kg8 43. Bd6 Rxe3 44. Kf2 Rd3 45. Bc5 Bc6 0-1

[Event "SK Johanneum Eppendorf - Schachfreunde "]
[Site "Landesliga Hamburg 2019/20"]
[Date "2019.09.29"]
[Round "1.2"]
[White "Schroeder, Christoph"]
[Black "Hermann, Matthias"]
[Result "1/2-1/2"]
[WhiteElo "2138"]
[BlackElo "2228"]
[PlyCount "38"]
[EventDate "2019.??.??"]

1. e4 c5 2. Nf3 Nc6 3. d4 cxd4 4. Nxd4 g6 5. c4 Bg7 6. Be3 d6 7. Nc3 Bd7 8. Be2
Nf6 9. O-O O-O 10. h3 Nxd4 11. Bxd4 Bc6 12. Qc2 Qc7 13. Rac1 Rfd8 14. Rfd1 Bh6
15. Rb1 e5 16. Be3 Bxe3 17. fxe3 b6 18. Nd5 Bxd5 19. exd5 Rac8 {(=)} 1/2-1/2

[Event "SK Johanneum Eppendorf - Schachfreunde "]
[Site "Landesliga Hamburg 2019/20"]
[Date "2019.09.29"]
[Round "1.3"]
[White "Mix, Clemens"]
[Black "Zart, Ruediger"]
[Result "0-1"]
[WhiteElo "1925"]
[BlackElo "2103"]
[PlyCount "76"]
[EventDate "2019.??.??"]

1. d4 Nf6 2. c4 g6 3. g3 Bg7 4. Bg2 O-O 5. Nf3 d6 6. O-O Nc6 7. Nc3 a6 8. Qc2
Bf5 9. e4 Bg4 10. Be3 Bxf3 11. Bxf3 Nd7 12. Rad1 e5 13. dxe5 dxe5 14. Ne2 Qe7
15. Rd2 Rfd8 16. Rfd1 Nf8 17. Bg4 h5 18. Bh3 Rxd2 19. Rxd2 Rd8 20. Rxd8 Qxd8
21. Qd2 Nd4 22. Nxd4 exd4 23. c5 Qf6 24. Bg5 Qe5 25. Qc1 Qxe4 26. Bg2 Qe6 27.
Bxb7 Qxa2 28. Bc8 d3 29. Qd2 Qc4 30. Be3 Ne6 31. Bxe6 fxe6 32. Qa5 c6 33. Qd8+
Kh7 34. Qd7 Qd5 35. Qxd5 exd5 36. Kf1 Bxb2 37. Ke1 Bc3+ 38. Kd1 a5 0-1

[Event "SK Johanneum Eppendorf - Schachfreunde "]
[Site "Landesliga Hamburg 2019/20"]
[Date "2019.09.29"]
[Round "1.5"]
[White "Paulsen, Tino"]
[Black "Ahmels, Volker"]
[Result "1/2-1/2"]
[WhiteElo "1804"]
[BlackElo "2180"]
[PlyCount "93"]
[EventDate "2019.??.??"]

1. e4 e5 2. Nf3 Nf6 3. Nxe5 d6 4. Nf3 Nxe4 5. Nc3 Nf6 6. d4 Be7 7. Bd3 O-O 8.
O-O Bg4 9. h3 Bh5 10. Ne4 Nxe4 11. Bxe4 d5 12. Bf5 Nc6 13. c3 Bf6 14. Bf4 Ne7
15. Bc2 Ng6 16. Bh2 Nh4 17. g4 Nxf3+ 18. Qxf3 Bg6 19. Bf5 c6 20. Rae1 Re8 21.
Qd3 Re7 22. Be5 Qe8 23. Qg3 Bxe5 24. dxe5 c5 25. h4 f6 26. e6 Bxf5 27. gxf5 Rd8
28. Rd1 Qa4 29. Rfe1 Qxa2 30. Ra1 Qxb2 31. Rxa7 Qb6 32. Rea1 g6 33. Ra8 Kg7 34.
Rxd8 Qxd8 35. h5 g5 36. h6+ Kxh6 37. f4 g4 38. Qh4+ Kg7 39. Kf2 Qf8 40. Rg1 Kh8
41. Rxg4 Rg7 42. Rg6 Qg8 43. e7 Rxg6 44. fxg6 Qxg6 45. Qxf6+ Qxf6 46. e8=Q+ Kg7
47. Qd7+ 1/2-1/2

[Event "SK Johanneum Eppendorf - Schachfreunde "]
[Site "Landesliga Hamburg 2019/20"]
[Date "2019.09.29"]
[Round "1.6"]
[White "Keyser, Robin"]
[Black "Zippert, Georg"]
[Result "1-0"]
[WhiteElo "2027"]
[BlackElo "1847"]
[PlyCount "77"]
[EventDate "2019.??.??"]

1. d4 Nf6 2. c4 e6 3. g3 d5 4. Nf3 Bb4+ 5. Bd2 Bxd2+ 6. Nbxd2 O-O 7. Bg2 Nc6 8.
O-O Re8 9. Rc1 Qe7 10. Re1 a5 11. e4 dxe4 12. Nxe4 Rd8 13. Nc3 Na7 14. Qc2 Rb8
15. b3 c6 16. Rcd1 b5 17. c5 Bb7 18. Ng5 h6 19. Nge4 b4 20. Nxf6+ Qxf6 21. Ne4
Qg6 22. Qc4 Nb5 23. a4 bxa3 24. Nc3 Ba8 25. Re2 Nxc3 26. Qxc3 Rb4 27. Ra2 Qf6
28. Rxa3 Rdxd4 29. Rxd4 Rxd4 30. Bf1 Rb4 31. Qxf6 gxf6 32. Rxa5 Bb7 33. Bc4 f5
34. Kf1 Kg7 35. Ke2 Kf6 36. Ra7 Ke5 37. Kd3 Bc8 38. Rxf7 Rb7 39. f4# 1-0

[Event "SC Königsspringer II - SK Union Eimsbü"]
[Site "Landesliga Hamburg 2019/20"]
[Date "2019.09.29"]
[Round "1.1"]
[White "Voigt, Gerrit"]
[Black "Harder, Clemens"]
[Result "1/2-1/2"]
[WhiteElo "2142"]
[BlackElo "2160"]
[PlyCount "64"]
[EventDate "2019.??.??"]

1. e4 e5 2. Nf3 Nc6 3. Bc4 Nf6 4. d3 Bc5 5. c3 a6 6. h3 d6 7. Bb3 Ba7 8. Nbd2
h6 9. Nf1 Be6 10. Bc2 d5 11. Qe2 dxe4 12. dxe4 Qe7 13. Ng3 O-O 14. Nh4 Qd7 15.
Qf3 Nh7 16. Nhf5 Bxf5 17. Nxf5 Ne7 18. O-O Nxf5 19. exf5 c6 20. Qg3 Qd6 21. Rd1
Qf6 22. Rd7 b5 23. Be3 Bxe3 24. Qxe3 Rfd8 25. Rad1 Nf8 26. Rxd8 Rxd8 27. Rxd8
Qxd8 28. Qxe5 Qd2 29. Bb3 Qxb2 30. Qc7 Qb1+ 31. Kh2 Qxf5 32. Qxc6 Qf4+ 1/2-1/2

[Event "SC Königsspringer II - SK Union Eimsbü"]
[Site "Landesliga Hamburg 2019/20"]
[Date "2019.09.29"]
[Round "1.2"]
[White "Cremer, Jochen"]
[Black "Henrich, Holger"]
[Result "0-1"]
[WhiteElo "2112"]
[BlackElo "2151"]
[PlyCount "94"]
[EventDate "2019.??.??"]

1. c4 e5 2. Nc3 Nf6 3. Nf3 Nc6 4. e3 d5 5. cxd5 Nxd5 6. Bb5 Nxc3 7. bxc3 Bd6 8.
e4 O-O 9. O-O f5 10. d3 Kh8 11. Nd2 f4 12. Re1 Bc5 13. Nb3 Bd6 14. d4 exd4 15.
cxd4 Qh4 16. e5 Bb4 17. Bd2 Be6 18. Bxb4 Nxb4 19. Be2 Rad8 20. Bf3 b6 21. Qd2
c5 22. Qc3 Nd5 23. Qc1 g5 24. g3 Qh6 25. Bh1 fxg3 26. fxg3 Rf2 27. h4 Rdf8 28.
Qxg5 Qxg5 29. hxg5 c4 30. Nc1 Nc3 31. d5 Nxd5 32. Ne2 Nb4 33. Nf4 R2xf4 34.
gxf4 Nc2 35. f5 Rxf5 36. Rad1 Nxe1 37. Rxe1 Rxg5+ 38. Kf2 Kg7 39. Kf3 Rf5+ 40.
Ke4 Rf2 41. Bf3 Rxa2 42. Rg1+ Kf8 43. Bh1 Bg8 44. Rd1 Ke7 45. Rg1 Bf7 46. Rg7
Kf8 47. Rxh7 Bg6+ 0-1

[Event "SC Königsspringer II - SK Union Eimsbü"]
[Site "Landesliga Hamburg 2019/20"]
[Date "2019.09.29"]
[Round "1.3"]
[White "Foerster, Andreas"]
[Black "Conrad, Christian"]
[Result "0-1"]
[WhiteElo "2190"]
[BlackElo "2114"]
[PlyCount "60"]
[EventDate "2019.??.??"]

1. d4 Nf6 2. c4 g6 3. Nc3 Bg7 4. e4 d6 5. f3 O-O 6. Bg5 c5 7. d5 e6 8. Nge2 h6
9. Be3 exd5 10. cxd5 a6 11. a4 Nbd7 12. Ng3 Re8 13. Be2 h5 14. O-O Nh7 15. Bf2
Ne5 16. h3 Bh6 17. Re1 Rb8 18. Nf1 Bd7 19. Bg3 Qf6 20. a5 h4 21. Bh2 b5 22.
axb6 Rxb6 23. Rxa6 Rxb2 24. Na4 Bxa4 25. Qxa4 Reb8 26. Ra8 Rxa8 27. Qxa8+ Kg7
28. Qa1 Nf8 29. f4 Rxe2 30. fxe5 Qf2+ 0-1

[Event "SC Königsspringer II - SK Union Eimsbü"]
[Site "Landesliga Hamburg 2019/20"]
[Date "2019.09.29"]
[Round "1.4"]
[White "Streich, Justus"]
[Black "Adloff, Ralf"]
[Result "0-1"]
[WhiteElo "1950"]
[BlackElo "2098"]
[PlyCount "82"]
[EventDate "2019.??.??"]

1. e4 d6 2. d4 Nf6 3. Nc3 e5 4. Nf3 Nbd7 5. Bc4 Be7 6. O-O O-O 7. h3 a6 8. a4
b6 9. Re1 c6 10. Qd3 Bb7 11. Ba2 b5 12. dxe5 Nxe5 13. Qe2 b4 14. Nb1 c5 15.
Nbd2 Qc7 16. a5 Rad8 17. Nxe5 dxe5 18. Qf3 Kh8 19. Bc4 Nxe4 20. Nxe4 f5 21. Qe2
Qc6 22. Qh5 fxe4 23. Be3 Qf6 24. Rad1 g6 25. Qg4 h5 26. Qe2 Kg7 27. Kh2 Qc6 28.
Rxd8 Rxd8 29. g4 hxg4 30. Qxg4 Bc8 31. Qg3 Rh8 32. Qxe5+ Bf6 33. Qxc5 Rxh3+ 34.
Kg2 Qd7 35. Qa7 Qxa7 36. Bxa7 Rh5 37. Kg1 Rxa5 38. Rxe4 Bb7 39. Re1 Rh5 40. f4
Rh1+ 41. Kf2 Bh4+ 0-1

[Event "SC Königsspringer II - SK Union Eimsbü"]
[Site "Landesliga Hamburg 2019/20"]
[Date "2019.09.29"]
[Round "1.5"]
[White "Leonardi, Karlheinz"]
[Black "Lohse, Marc"]
[Result "0-1"]
[WhiteElo "2136"]
[BlackElo "1908"]
[PlyCount "66"]
[EventDate "2019.??.??"]

1. c4 e5 2. Nc3 Nf6 3. Nf3 Nc6 4. e3 Bb4 5. Qc2 Bxc3 6. Qxc3 d6 7. d3 O-O 8. a3
Re8 9. h3 a5 10. Nd2 a4 11. Be2 h6 12. b4 Nh7 13. Bb2 Qg5 14. g4 f5 15. gxf5
Bxf5 16. O-O-O Qh4 17. Rh2 Ng5 18. Nf3 Nxf3 19. Bxf3 Nd4 20. Bd5+ Be6 21. Kb1
Qh5 22. Bxe6+ Rxe6 23. Rhh1 Nb3 24. Rdg1 Rg6 25. Qe1 Rf8 26. Kc2 Rxg1 27. Rxg1
Qf3 28. Rf1 Qxh3 29. Rh1 Qg2 30. Rf1 h5 31. Bc3 h4 32. Kb1 h3 33. f4 h2 0-1

[Event "SC Königsspringer II - SK Union Eimsbü"]
[Site "Landesliga Hamburg 2019/20"]
[Date "2019.09.29"]
[Round "1.6"]
[White "Wolter, Michael"]
[Black "Winter, Markus"]
[Result "1-0"]
[WhiteElo "2145"]
[BlackElo "2023"]
[PlyCount "81"]
[EventDate "2019.??.??"]

1. d4 d5 2. Nf3 c6 3. g3 Nf6 4. Bg2 Bf5 5. O-O h6 6. c4 e6 7. Nc3 Bd6 8. Qb3
Qc8 9. Bd2 Nbd7 10. Rac1 Qb8 11. Rfe1 O-O 12. Nh4 Bh7 13. cxd5 exd5 14. e4 Nxe4
15. Nxe4 dxe4 16. Bxe4 Bxe4 17. Rxe4 Nf6 18. Re2 Qc8 19. Qf3 Qg4 20. Qxg4 Nxg4
21. Nf5 Rfd8 22. Nxd6 Rxd6 23. Re7 b6 24. Be3 Kf8 25. Rc7 Ke8 26. R7xc6 Rxc6
27. Rxc6 Kd7 28. Rc2 Nf6 29. Kf1 Nd5 30. a3 Re8 31. Ke2 f5 32. Kd3 g5 33. Re2
Kd6 34. Bd2 Rxe2 35. Kxe2 Nf6 36. f3 Kd5 37. Kd3 Nd7 38. Bb4 g4 39. fxg4 fxg4
40. Ke3 a5 41. Bc3 1-0

[Event "SC Königsspringer II - SK Union Eimsbü"]
[Site "Landesliga Hamburg 2019/20"]
[Date "2019.09.29"]
[Round "1.7"]
[White "Jarnuczak, Detlev"]
[Black "Goetz, Claus"]
[Result "1-0"]
[WhiteElo "1991"]
[BlackElo "1941"]
[PlyCount "83"]
[EventDate "2019.??.??"]

1. d4 Nf6 2. c4 c5 3. d5 e5 4. Nc3 d6 5. g3 Be7 6. Bg2 Nbd7 7. e4 O-O 8. Nge2
Ne8 9. Qd3 g6 10. Bh6 Ng7 11. Qd2 Nf6 12. h3 Kh8 13. O-O Ng8 14. Be3 f5 15. f4
Bf6 16. Rae1 a6 17. a4 Bd7 18. b3 Rb8 19. Ra1 b6 20. Kh2 h5 21. Ra2 h4 22. gxh4
Bxh4 23. Bf3 g5 24. fxe5 dxe5 25. Ng1 g4 26. hxg4 fxg4 27. Bg2 Nh5 28. Rxf8
Bg3+ 29. Kh1 Qxf8 30. Nge2 Bf4 31. Nd1 Qh6 32. Kg1 Rf8 33. a5 Ng7 34. Ng3 Qh4
35. Nf1 b5 36. Qb2 Bxe3+ 37. Ndxe3 Qg5 38. b4 Rc8 39. bxc5 Rxc5 40. Qa3 Qe7 41.
d6 Qxd6 42. Rd2 1-0

[Event "SC Königsspringer II - SK Union Eimsbü"]
[Site "Landesliga Hamburg 2019/20"]
[Date "2019.09.29"]
[Round "1.8"]
[White "Khalaf, Ayman"]
[Black "Nielsen, Joerg"]
[Result "1-0"]
[WhiteElo "1852"]
[BlackElo "1980"]
[PlyCount "111"]
[EventDate "2019.??.??"]

1. d4 Nf6 2. c4 e6 3. Nc3 d5 4. cxd5 exd5 5. Bg5 Be7 6. e3 O-O 7. Bd3 h6 8. Bh4
c6 9. Qc2 Nbd7 10. Nf3 Re8 11. O-O Ne4 12. Bxe7 Qxe7 13. Rfe1 f5 14. Rab1 Qf6
15. b4 b5 16. a4 a6 17. a5 Bb7 18. Ne2 Re7 19. Nd2 Rf8 20. Nb3 Kh8 21. Ng3 Qg5
22. Nf1 Rf6 23. f3 Nd6 24. Ng3 Rxe3 25. Nc5 Bc8 26. Qf2 f4 27. Nf1 Rxe1 28.
Rxe1 Nf8 29. Re5 Bf5 30. Nxa6 Qg6 31. Bxf5 Nxf5 32. Nc5 Rf7 33. Re8 Nd6 34. Rb8
Qf6 35. Nd2 Qe7 36. Ndb3 Kh7 37. h3 Qa7 38. Rb6 Qa8 39. Qc2+ g6 40. Nd3 Nc4 41.
Ne5 Rf6 42. Nxc4 bxc4 43. Nc5 Rf7 44. a6 Kg8 45. Rb7 Qe8 46. Qc1 g5 47. Rxf7
Kxf7 48. a7 Ng6 49. Qa1 Qe3+ 50. Kh1 Nh4 51. a8=Q Nf5 52. Qb7+ Kg6 53. Qxc6+
Kh5 54. Qe6 Ng3+ 55. Kh2 Qf2 56. Qg4+ 1-0

[Event "SK Weisse Dame - Hamburger SK IV"]
[Site "Landesliga Hamburg 2019/20"]
[Date "2019.09.29"]
[Round "1.1"]
[White "Weihrauch, Jakob"]
[Black "Popist, Florian"]
[Result "1/2-1/2"]
[WhiteElo "2167"]
[BlackElo "2019"]
[PlyCount "91"]
[EventDate "2019.??.??"]

1. e4 c5 2. Nf3 e6 3. d4 cxd4 4. Nxd4 Nc6 5. Nb5 d6 6. c4 a6 7. N5c3 Nf6 8. Be2
Be7 9. O-O O-O 10. Na3 b6 11. Be3 Nd7 12. f4 Bb7 13. Rc1 Rc8 14. Bf3 Nc5 15.
Qe2 Nb4 16. Rfd1 Qc7 17. Nc2 Nxc2 18. Rxc2 Nd7 19. Qf2 Rfd8 20. b4 Qxc4 21. Nd5
Qxc2 22. Nxe7+ Kf8 23. Nxc8 Qxf2+ 24. Kxf2 Rxc8 25. Rxd6 Ke7 26. e5 Rc2+ 27.
Kg3 Bxf3 28. Kxf3 Rxa2 29. Bxb6 Nxb6 30. Rxb6 a5 31. Rb7+ Ke8 32. Rb8+ Ke7 33.
Rb7+ Ke8 34. bxa5 Rxa5 35. g3 Ra8 36. Kg4 Kf8 37. h4 g6 38. h5 gxh5+ 39. Kxh5
Kg7 40. f5 exf5 41. Kg5 Ra6 42. Kxf5 Re6 43. g4 Rc6 44. Rd7 Ra6 45. g5 Ra5 46.
Rd6 1/2-1/2

[Event "SK Weisse Dame - Hamburger SK IV"]
[Site "Landesliga Hamburg 2019/20"]
[Date "2019.09.29"]
[Round "1.4"]
[White "Lansky, Georg"]
[Black "Jürgens, Bernhard"]
[Result "1/2-1/2"]
[WhiteElo "1965"]
[BlackElo "2135"]
[PlyCount "47"]
[EventDate "2019.??.??"]

1. e4 e6 2. d4 d5 3. Nc3 Bb4 4. e5 b6 5. a3 Bxc3+ 6. bxc3 Ne7 7. Qg4 Kf8 8. Nf3
Qd7 9. Bd3 Ba6 10. O-O Bxd3 11. cxd3 Qa4 12. Bg5 Nbc6 13. Bxe7+ Nxe7 14. Ng5 h6
15. Qh5 Qe8 16. Nf3 f5 17. Qh3 Kf7 18. c4 g5 19. Nd2 Rd8 20. Rfc1 dxc4 21. Rxc4
Rd7 22. g4 Qd8 23. gxf5 Nxf5 24. Ne4 1/2-1/2

[Event "SK Weisse Dame - Hamburger SK IV"]
[Site "Landesliga Hamburg 2019/20"]
[Date "2019.09.29"]
[Round "1.5"]
[White "Peske, Thore"]
[Black "Ludwig, Jan"]
[Result "1/2-1/2"]
[WhiteElo "2017"]
[BlackElo "2065"]
[PlyCount "27"]
[EventDate "2019.??.??"]

1. d4 e6 2. c4 f5 3. e4 fxe4 4. Nc3 Nf6 5. Bg5 Bb4 6. Qb3 Bxc3+ 7. Qxc3 O-O 8.
Nh3 d6 9. O-O-O Nc6 10. f3 exf3 11. gxf3 e5 12. dxe5 Nxe5 13. f4 Nf7 14. Rg1
1/2-1/2

[Event "SK Weisse Dame - Hamburger SK IV"]
[Site "Landesliga Hamburg 2019/20"]
[Date "2019.09.29"]
[Round "1.6"]
[White "Kuhle, Sebastian"]
[Black "Colpe, Helge"]
[Result "0-1"]
[WhiteElo "2028"]
[BlackElo "2052"]
[PlyCount "78"]
[EventDate "2019.??.??"]

1. c4 Nf6 2. Nc3 e6 3. e4 d5 4. e5 Nfd7 5. Nf3 d4 6. Nb5 c5 7. Bd3 Nc6 8. Qa4
Nb6 9. Qd1 a6 10. Nd6+ Bxd6 11. exd6 Qxd6 12. O-O Nb4 13. Bb1 Nxc4 14. Ng5 Bd7
15. a3 Nc6 16. Qe2 N4e5 17. Ne4 Qe7 18. Nxc5 b6 19. Nxd7 Qxd7 20. f4 Ng6 21.
Qe4 O-O 22. b4 a5 23. b5 Nce7 24. Bd3 Rad8 25. Bb2 Kh8 26. Rac1 f5 27. Qe2 Nd5
28. g3 Nf6 29. Rc6 Rfe8 30. Rfc1 e5 31. Rc7 Qd5 32. Bc4 Qa8 33. Bf7 exf4 34.
Bxe8 Rxe8 35. Qxe8+ Nxe8 36. Rc8 Qe4 37. Kf2 fxg3+ 38. hxg3 f4 39. g4 Nh4 0-1

[Event "SK Weisse Dame - Hamburger SK IV"]
[Site "Landesliga Hamburg 2019/20"]
[Date "2019.09.29"]
[Round "1.7"]
[White "Weidmann, Kevin"]
[Black "Purniel Umpierre, Christian"]
[Result "0-1"]
[WhiteElo "1960"]
[BlackElo "1995"]
[PlyCount "48"]
[EventDate "2019.??.??"]

1. e4 c5 2. Nf3 e6 3. d4 cxd4 4. Nxd4 a6 5. Bd3 Nf6 6. Qe2 d6 7. c4 Nbd7 8. Nc3
Qc7 9. O-O b6 10. f4 Be7 11. Rf3 Qc5 12. Be3 Qc7 13. Rg3 g6 14. f5 Ne5 15. Rf1
exf5 16. exf5 Bb7 17. Bg5 Nh5 18. fxg6 hxg6 19. Ne6 fxe6 20. Bxg6+ Nxg6 21.
Qxe6 Ne5 22. Bxe7 Qxe7 23. Rg8+ Rxg8 24. Qxg8+ Kd7 0-1

[Event "SK Marmstorf - TV Fischbek"]
[Site "Landesliga Hamburg 2019/20"]
[Date "2019.09.29"]
[Round "1.1"]
[White "Serrer, Christoph"]
[Black "Hebbinghaus, Holger"]
[Result "1/2-1/2"]
[WhiteElo "2285"]
[BlackElo "2310"]
[PlyCount "29"]
[EventDate "2019.??.??"]

1. d4 d5 2. c4 e6 3. Nc3 Nf6 4. cxd5 exd5 5. Bg5 Be7 6. e3 h6 7. Bf4 c6 8. Bd3
Bd6 9. Bg3 Bxg3 10. hxg3 Qe7 11. Qc2 Nbd7 12. Nf3 Nb6 13. O-O-O Be6 14. Kb1
O-O-O 15. Ne5 1/2-1/2

[Event "SK Marmstorf - TV Fischbek"]
[Site "Landesliga Hamburg 2019/20"]
[Date "2019.09.29"]
[Round "1.2"]
[White "Hawellek, Jeronimo"]
[Black "de Voogt, Juergen"]
[Result "0-1"]
[WhiteElo "2262"]
[BlackElo "2225"]
[PlyCount "62"]
[EventDate "2019.??.??"]

1. d4 Nf6 2. c4 e5 3. dxe5 Ng4 4. Nf3 Bc5 5. e3 Nc6 6. Be2 Ngxe5 7. Nxe5 Nxe5
8. O-O O-O 9. Nc3 a5 10. f4 Nc6 11. Kh1 Ne7 12. e4 d6 13. f5 f6 14. Na4 b6 15.
a3 Bb7 16. Bf3 Qe8 17. b3 Nc6 18. Bb2 Ne5 19. Qd2 Nxc4 20. Qc3 Nxb2 21. Nxc5
bxc5 22. Qxb2 Qe5 23. Qc2 Rfb8 24. Rab1 Ba6 25. Rfd1 c6 26. Be2 Bxe2 27. Qxe2
d5 28. Rdc1 a4 29. bxa4 Rxb1 30. Rxb1 Rxa4 31. h3 Rxa3 {ZÜ} 0-1

[Event "SK Marmstorf - TV Fischbek"]
[Site "Landesliga Hamburg 2019/20"]
[Date "2019.09.29"]
[Round "1.3"]
[White "Kneip, Jakob"]
[Black "Ramme, Christoph"]
[Result "1/2-1/2"]
[WhiteElo "2079"]
[BlackElo "2144"]
[PlyCount "193"]
[EventDate "2019.??.??"]

1. d4 e6 2. e4 d5 3. Nc3 Nf6 4. e5 Nfd7 5. f4 c5 6. Nf3 Nc6 7. Be3 Be7 8. Qd2
O-O 9. dxc5 Qa5 10. O-O-O b6 11. Bb5 Nb4 12. a3 bxc5 13. Bxd7 Bxd7 14. axb4
cxb4 15. Nb1 Rfc8 16. Nd4 Qa2 17. Qd3 a5 18. b3 Rc3 19. Nxc3 bxc3 20. Qxc3 Bb4
21. Qxb4 axb4 22. Kd2 Qb2 23. Ke2 Qc3 24. Kf2 f6 25. Rhe1 fxe5 26. fxe5 Be8 27.
Kg1 Ra6 28. Bf2 Bg6 29. Re3 Ra1 30. Rxa1 Qxa1+ 31. Re1 Qa6 32. Rd1 Kf7 33. h3
Ke8 34. Re1 Kd7 35. Kh2 Qa2 36. Re2 Qa1 37. Re1 Qc3 38. Rd1 Be4 39. h4 h6 40.
Kg1 Qc7 41. Bg3 Qb6 42. Bf2 Qc7 43. Bg3 Qc3 44. Bf2 Bg6 45. Kh2 Bh5 46. Re1 Qd2
47. Kg1 Qf4 48. Ra1 Qxe5 49. Re1 Qf4 50. Rxe6 Qg4 51. Re1 Bg6 52. Nf3 Kd6 53.
Ra1 Be4 54. Ra6+ Kc7 55. Rc6+ Kd8 56. Ne1 Qe2 57. Rb6 Bxc2 58. Nxc2 Qxc2 59.
Rxb4 Ke7 60. Rb7+ Kf8 61. Rd7 Qxb3 62. Kh2 Qb5 63. Ra7 Qb8+ 64. Kg1 Qb1+ 65.
Kh2 Qe4 66. Rc7 Qf5 67. Bc5+ Ke8 68. Re7+ Kd8 69. Rxg7 Qe5+ 70. Rg3 d4 71. Bxd4
Qxd4 72. Rf3 Qxh4+ 73. Kg1 Ke7 74. Rf1 Ke6 75. Rf3 Ke5 76. Rf1 Qd4+ 77. Kh2 Qe3
78. Rf3 Qe1 79. Rh3 Qc1 80. Rf3 Ke4 81. Rh3 Qg5 82. Rf3 h5 83. Rh3 Qf4+ 84. Kg1
Qg4 85. Rf3 h4 86. Rh3 Kf5 87. Rf3+ Kg5 88. Rh3 Qd4+ 89. Kh2 Kg4 90. Rf3 Qe4
91. Rh3 Qf4+ 92. Kg1 Qd4+ 93. Kh2 Qf2 94. Rf3 Qxf3 95. gxf3+ Kxf3 96. Kh3 Kf4
97. Kxh4 1/2-1/2

[Event "SK Marmstorf - TV Fischbek"]
[Site "Landesliga Hamburg 2019/20"]
[Date "2019.09.29"]
[Round "1.4"]
[White "Mueller, Jan-Hendrik"]
[Black "Brandt, Carina"]
[Result "1/2-1/2"]
[WhiteElo "2138"]
[BlackElo "2060"]
[PlyCount "66"]
[EventDate "2019.??.??"]

1. e4 e6 2. d4 d5 3. Nc3 Bb4 4. e5 c5 5. a3 Bxc3+ 6. bxc3 Ne7 7. Qg4 O-O 8. Bd3
Nbc6 9. Nf3 f5 10. exf6 Rxf6 11. Bg5 Rf7 12. Qh4 h6 13. Bxe7 Qxe7 14. Qxe7 Rxe7
15. Kd2 e5 16. Nxe5 Nxe5 17. dxe5 Rxe5 18. Rhe1 Rxe1 19. Rxe1 Kf7 20. f4 Bd7
21. Re5 Bc6 22. g4 Rd8 23. h4 Rd6 24. h5 b6 25. Bg6+ Kf8 26. Rf5+ Rf6 27. g5
Rxf5 28. Bxf5 Ke7 29. Ke3 Be8 30. Bg4 Ba4 31. Bf5 Be8 32. Bg4 Ba4 33. Bf5 Be8
1/2-1/2

[Event "SK Marmstorf - TV Fischbek"]
[Site "Landesliga Hamburg 2019/20"]
[Date "2019.09.29"]
[Round "1.5"]
[White "Schneider, Alexander"]
[Black "Mueller, Tobias"]
[Result "1-0"]
[WhiteElo "2055"]
[BlackElo "2115"]
[PlyCount "65"]
[EventDate "2019.??.??"]

1. e4 c5 2. Nf3 d6 3. d4 cxd4 4. Nxd4 Nf6 5. Nc3 g6 6. Be3 Bg7 7. f3 Nc6 8. Qd2
O-O 9. Bc4 Bd7 10. Bb3 Ne5 11. O-O-O Rc8 12. Kb1 Nc4 13. Bxc4 Rxc4 14. g4 Re8
15. h4 h5 16. g5 Nh7 17. b3 Rc5 18. Nde2 Qa5 19. Bxc5 Qxc5 20. Nd5 a5 21. Nef4
e6 22. Nd3 Qc6 23. N5f4 Bc3 24. Qe3 Rc8 25. Rh2 Nf8 26. Nb2 b5 27. Rg2 a4 28.
Nbd3 Bg7 29. Nb4 Qc7 30. Ne2 Be8 31. Qd2 Nd7 32. Qxd6 Qa5 33. Nc6 1-0

[Event "SK Marmstorf - TV Fischbek"]
[Site "Landesliga Hamburg 2019/20"]
[Date "2019.09.29"]
[Round "1.6"]
[White "Hohlbein, Michael"]
[Black "Peters, Thomas"]
[Result "1-0"]
[WhiteElo "2067"]
[BlackElo "1806"]
[PlyCount "79"]
[EventDate "2019.??.??"]

1. d4 Nf6 2. c4 e6 3. Nf3 b6 4. g3 Bb7 5. Bg2 Bb4+ 6. Bd2 Be7 7. O-O O-O 8. Nc3
Na6 9. Bf4 Ne4 10. Qc2 Nxc3 11. Qxc3 c5 12. Rfd1 d6 13. d5 Bf6 14. Qb3 exd5 15.
cxd5 Re8 16. Rd2 Nc7 17. a4 h6 18. Ne1 Qd7 19. e4 Rac8 20. h4 g5 21. hxg5 hxg5
22. Be3 Kg7 23. Qd1 Rh8 24. Nf3 Qd8 25. Nh2 Qd7 26. Qf3 Rcg8 27. Ng4 Bd8 28. e5
Bxd5 29. Rxd5 Nxd5 30. Rd1 Nxe3 31. fxe3 Qxa4 32. Rxd6 Be7 33. Qf5 Qe8 34. Rd7
Kf8 35. Bd5 Rg7 36. Rxa7 Rhh7 37. Ra8 Bd8 38. Nf6 Qe7 39. Nxh7+ Ke8 40. Bc6+
1-0

[Event "SK Marmstorf - TV Fischbek"]
[Site "Landesliga Hamburg 2019/20"]
[Date "2019.09.29"]
[Round "1.7"]
[White "Schermer, Denis"]
[Black "Diekmann, Jens"]
[Result "1-0"]
[WhiteElo "2003"]
[BlackElo "2050"]
[PlyCount "53"]
[EventDate "2019.??.??"]

1. e4 d5 2. exd5 Qxd5 3. Nc3 Qd6 4. d4 Nf6 5. Nf3 a6 6. g3 Bg4 7. Bg2 Nc6 8.
O-O O-O-O 9. Bf4 Qd7 10. d5 Qf5 11. dxc6 Rxd1 12. cxb7+ Kxb7 13. Nd4+ Kc8 14.
Nxf5 Rxf1+ 15. Bxf1 Bxf5 16. Bxa6+ Kb8 17. Nb5 Nd5 18. Rd1 e6 19. c4 Bg4 20.
Rd4 Bc5 21. cxd5 Bxd4 22. Bxc7+ Ka8 23. Nxd4 exd5 24. b4 Bc8 25. Bb5 Bb7 26. a4
Rc8 27. Bb6 1-0

[Event "SK Marmstorf - TV Fischbek"]
[Site "Landesliga Hamburg 2019/20"]
[Date "2019.09.29"]
[Round "1.8"]
[White "Anderberg, Peter"]
[Black "Reichhardt, Philip"]
[Result "1-0"]
[WhiteElo "2024"]
[BlackElo "2014"]
[PlyCount "81"]
[EventDate "2019.??.??"]

1. d4 d5 2. c4 e6 3. Nc3 Nf6 4. cxd5 exd5 5. Bg5 Be7 6. e3 c6 7. Qc2 Bg4 8. Bd3
Bh5 9. Nh3 Bg6 10. Bxg6 hxg6 11. Nf4 Nbd7 12. O-O-O Qa5 13. Kb1 O-O-O 14. h4
Rde8 15. f3 Bb4 16. Nd3 Bxc3 17. Qxc3 Qxc3 18. bxc3 Nh5 19. Rde1 f6 20. Bf4
Nxf4 21. Nxf4 g5 22. Ng6 Rh6 23. h5 f5 24. g4 fxg4 25. fxg4 Nf6 26. Rhg1 Re4
27. Ne5 Nd7 28. Nf7 Rf6 29. Nxg5 Re8 30. e4 Nb6 31. exd5 Rxe1+ 32. Rxe1 cxd5
33. Re8+ Kd7 34. Rg8 Rf1+ 35. Kc2 Nc4 36. Rxg7+ Kc6 37. h6 Rf2+ 38. Kd1 Ne3+
39. Ke1 Rh2 40. h7 Kb5 41. Nf7 1-0

[Event "FC St. Pauli III - FC St. Pauli II"]
[Site "Landesliga Hamburg 2019/20"]
[Date "2019.09.29"]
[Round "1.1"]
[White "Pajeken, Wolfgang"]
[Black "Kahlert, Thomas"]
[Result "1/2-1/2"]
[WhiteElo "2268"]
[BlackElo "2159"]
[PlyCount "114"]
[EventDate "2019.??.??"]

1. Nf3 Nf6 2. c4 g6 3. Nc3 d5 4. cxd5 Nxd5 5. Qb3 Nb6 6. d4 Bg7 7. Bf4 O-O 8.
e3 Be6 9. Qa3 Nc6 10. Bb5 Nd5 11. Bg3 Ncb4 12. Rc1 c6 13. Nxd5 Nxd5 14. Be2 Bg4
15. O-O Re8 16. Rfd1 Qb6 17. h3 Bxf3 18. Bxf3 Rad8 19. Rd3 a6 20. Rb3 Qa7 21.
Qc5 Qxc5 22. Rxc5 Rd7 23. Kf1 e6 24. a3 Bf8 25. Rc2 Bg7 26. Ke2 Red8 27. Bh4
Bf6 28. Bg3 Ne7 29. Bh2 h5 30. Rbc3 h4 31. b4 Nf5 32. Rb2 Nxd4+ 33. exd4 Bxd4
34. Rbc2 Bxc3 35. Rxc3 Rd2+ 36. Ke3 Ra2 37. Be5 f5 38. Bf6 Rdd2 39. Bxh4 e5 40.
g4 e4 41. Bg2 g5 42. Bf1 gxh4 43. Bc4+ Kg7 44. Bxa2 Rxa2 45. gxf5 Kf6 46. Kxe4
Rxf2 47. Rd3 Rxf5 48. Rd6+ Kg5 49. Rd7 Rb5 50. Rg7+ Kh6 51. Rc7 a5 52. bxa5
Rxa5 53. Rxb7 Rxa3 54. Rc7 Rc3 55. Kf5 Rxh3 56. Rxc6+ Kh5 57. Kf4 Ra3 1/2-1/2